Steel construction; a manual for architects, engineers and fabricators of buildings and other steel structures.

Na minha lista:
Detalhes bibliográficos
Formato: Livro
Idioma:English
Publicado em: New York, N.Y., American institute of steel construction 1960
Edição:5
Assuntos:
Tags: Adicionar Tag
Sem tags, seja o primeiro a adicionar uma tag!

MARC

LEADER 00000nam a2200000Ia 4500
003 002183
005 20221231143953.0
008 140114s1960 nyua 000 ||eng d
040 |c cru CEDI 
082 |a 624.182 A512s5 
245 |a Steel construction; a manual for architects, engineers and fabricators of buildings and other steel structures. 
250 |a 5 
260 |a New York, N.Y., American institute of steel construction  |c  1960 
300 |a 432 páginas : ilustraciones, tablas 
650 |x CONSTRUCCIONES METALICAS   |9 21359 
942 |2 ddc  |c BK 
999 |c 14989  |d 14989